Problemática del ruido electromagnético en la industria

Zapisane w:
Opis bibliograficzny
1. autor: Rivera Alvarado, Javier
Kolejni autorzy: Torres Avendaño, Felipe
Format: Książka
Wydane: San José, C.R. 1999
Hasła przedmiotowe:
Etykiety: Dodaj etykietę
Nie ma etykietki, Dołącz pierwszą etykiete!

MARC

LEADER 00000nam a2200000Ia 4500
003 010103
005 20221231144211.0
008 140114s1999 cr a m 000 ||s d
040 |c cru CEDI 
090 |a TFG 4111 
100 |a Rivera Alvarado, Javier  |9 8374 
245 |a Problemática del ruido electromagnético en la industria  
260 |c 1999  |a San José, C.R. 
300 |a  vii, 99 hojas : ilustraciones  
500 |a  Proyecto de graduación (bachillerato en ingeniería eléctrica)--Universidad de Costa Rica. Facultad de Ingeniería. Escuela de Ingeniería Eléctrica 
650 |x PROCESAMIENTO DE SEÑALES   |x CONTAMINACION POR RUIDO   |x DISPOSITIVOS MAGNETICOS   |x CONTROL REMOTO  |9 8377 
700 |9 8376  |a Torres Avendaño, Felipe 
942 |c TFG 
999 |c 18362  |d 18362